[Event "Latvian Teams Chess Championship Higher League 2019"]
[Site "Riga Chess School, 10 Pernavas Street, Riga, Latvia"]
[Date "2019.06.08"]
[Round "5.2"]
[White "Berzinsh, Roland"]
[Black "Saulespurens, Valdis"]
[Result "1-0"]
[TimeControl "Standard: 90 minutes with 30 second increment from move 1"]
[WhiteTitle "IM"]
[BlackTitle "FM"]
[WhiteFideId "11600357"]
[BlackFideId "2010623"]
[WhiteElo "2390"]
[BlackElo "2282"]

1. e4 {[%clk 01:30:50]} {[%emt 00:00:10]} c5 {[%clk 01:27:29]} {[%emt
00:03:32]} 2. Nf3 {[%clk 01:31:11]} {[%emt 00:00:09]} e6 {[%clk 01:27:55]}
{[%emt 00:00:03]} 3. d4 {[%clk 01:31:31]} {[%emt 00:00:10]} cxd4 {[%clk
01:28:22]} {[%emt 00:00:03]} 4. Nxd4 {[%clk 01:31:53]} {[%emt 00:00:08]} Nf6
{[%clk 01:28:33]} {[%emt 00:00:20]} 5. Nc3 {[%clk 01:32:15]} {[%emt 00:00:07]}
Nc6 {[%clk 01:28:57]} {[%emt 00:00:07]} 6. Ndb5 {[%clk 01:32:35]} {[%emt
00:00:10]} Bb4 {[%clk 01:29:17]} {[%emt 00:00:09]} 7. a3 {[%clk 01:32:51]}
{[%emt 00:00:14]} Bxc3+ {[%clk 01:29:44]} {[%emt 00:00:04]} 8. Nxc3 {[%clk
01:33:15]} {[%emt 00:00:05]} d5 {[%clk 01:30:11]} {[%emt 00:00:03]} 9. exd5
{[%clk 01:33:31]} {[%emt 00:00:14]} exd5 {[%clk 01:30:34]} {[%emt 00:00:07]} 10.
Bd3 {[%clk 01:33:54]} {[%emt 00:00:07]} O-O {[%clk 01:30:27]} {[%emt 00:00:38]}
11. O-O {[%clk 01:34:14]} {[%emt 00:00:10]} h6 {[%clk 01:30:29]} {[%emt
00:00:28]} 12. Bf4 {[%clk 01:32:40]} {[%emt 00:02:04]} Bg4 {[%clk 01:28:38]}
{[%emt 00:02:21]} 13. Qd2 {[%clk 01:31:28]} {[%emt 00:01:41]} Qd7 {[%clk
01:28:09]} {[%emt 00:01:00]} 14. Bxh6 {[%clk 01:24:44]} {[%emt 00:07:14]} Ne5
{[%clk 01:25:43]} {[%emt 00:02:55]} 15. Bg5 {[%clk 01:19:20]} {[%emt 00:05:54]}
Nxd3 {[%clk 01:25:41]} {[%emt 00:00:33]} 16. Bxf6 {[%clk 01:19:07]} {[%emt
00:00:42]} gxf6 {[%clk 01:25:06]} {[%emt 00:01:06]} 17. Qxd3 {[%clk 01:19:02]}
{[%emt 00:00:35]} d4 {[%clk 01:22:23]} {[%emt 00:03:12]} 18. Ne4 {[%clk
01:18:19]} {[%emt 00:01:13]} Kg7 {[%clk 01:22:46]} {[%emt 00:00:08]} 19. Qg3
{[%clk 01:17:50]} {[%emt 00:00:58]} f5 {[%clk 01:22:03]} {[%emt 00:01:13]} 20.
Nd2 {[%clk 01:16:39]} {[%emt 00:01:41]} Kh6 {[%clk 01:20:48]} {[%emt 00:01:45]}
21. Qf4+ {[%clk 01:13:18]} {[%emt 00:03:51]} Kg6 {[%clk 01:20:44]} {[%emt
00:00:35]} 22. f3 {[%clk 01:11:18]} {[%emt 00:02:30]} Bh5 {[%clk 01:20:58]}
{[%emt 00:00:15]} 23. Nb3 {[%clk 01:09:07]} {[%emt 00:02:41]} Rad8 {[%clk
01:20:41]} {[%emt 00:00:48]} 24. Rad1 {[%clk 01:09:19]} {[%emt 00:00:17]} Qd6
{[%clk 01:20:32]} {[%emt 00:00:39]} 25. Qxd6+ {[%clk 01:06:56]} {[%emt
00:02:53]} Rxd6 {[%clk 01:20:54]} {[%emt 00:00:08]} 26. Rxd4 {[%clk 01:07:22]}
{[%emt 00:00:04]} Rxd4 {[%clk 01:21:11]} {[%emt 00:00:13]} 27. Nxd4 {[%clk
01:07:46]} {[%emt 00:00:06]} f4 {[%clk 01:21:28]} {[%emt 00:00:13]} 28. Re1
{[%clk 01:07:57]} {[%emt 00:00:18]} Rd8 {[%clk 01:20:08]} {[%emt 00:01:51]} 29.
c3 {[%clk 01:05:50]} {[%emt 00:02:37]} Rd6 {[%clk 01:20:10]} {[%emt 00:00:28]}
30. Re4 {[%clk 01:04:32]} {[%emt 00:01:47]} Kg5 {[%clk 01:20:21]} {[%emt
00:00:20]} 31. h4+ {[%clk 01:04:53]} {[%emt 00:00:10]} Kg6 {[%clk 01:19:51]}
{[%emt 00:01:00]} 32. Rxf4 {[%clk 01:05:12]} {[%emt 00:00:10]} Kh7 {[%clk
01:20:11]} {[%emt 00:00:10]} 33. g4 {[%clk 01:05:34]} {[%emt 00:00:08]} Bg6
{[%clk 01:20:28]} {[%emt 00:00:14]} 34. h5 {[%clk 01:05:57]} {[%emt 00:00:06]}
1-0

[Event "Latvian Teams Chess Championship Higher League 2019"]
[Site "Riga Chess School, 10 Pernavas Street, Riga, Latvia"]
[Date "2019.06.08"]
[Round "5.3"]
[White "Shulman, Vladlen"]
[Black "Laurusas, Tomas"]
[Result "0-1"]
[TimeControl "Standard: 90 minutes with 30 second increment from move 1"]
[WhiteTitle "FM"]
[BlackTitle "IM"]
[WhiteFideId "11600187"]
[BlackFideId "12803731"]
[WhiteElo "2238"]
[BlackElo "2507"]

1. e4 {[%clk 01:09:13]} {[%emt 00:21:45]} c5 {[%clk 01:30:04]} {[%emt
00:00:58]} 2. Nf3 {[%clk 01:09:35]} {[%emt 00:00:07]} e6 {[%clk 01:30:19]}
{[%emt 00:00:16]} 3. Nc3 {[%clk 01:09:57]} {[%emt 00:00:08]} a6 {[%clk
01:30:33]} {[%emt 00:00:16]} 4. d4 {[%clk 01:10:19]} {[%emt 00:00:07]} cxd4
{[%clk 01:30:56]} {[%emt 00:00:07]} 5. Nxd4 {[%clk 01:10:40]} {[%emt 00:00:08]}
Qc7 {[%clk 01:31:21]} {[%emt 00:00:06]} 6. g3 {[%clk 01:11:01]} {[%emt
00:00:08]} Bb4 {[%clk 01:30:23]} {[%emt 00:01:29]} 7. Nde2 {[%clk 01:11:21]}
{[%emt 00:00:10]} Nf6 {[%clk 01:30:12]} {[%emt 00:00:42]} 8. Bg2 {[%clk
01:11:41]} {[%emt 00:00:07]} O-O {[%clk 01:30:17]} {[%emt 00:00:27]} 9. O-O
{[%clk 01:12:02]} {[%emt 00:00:09]} Be7 {[%clk 01:30:29]} {[%emt 00:00:19]} 10.
h3 {[%clk 01:11:51]} {[%emt 00:00:40]} Nc6 {[%clk 01:30:04]} {[%emt 00:00:56]}
11. f4 {[%clk 01:11:45]} {[%emt 00:00:34]} d6 {[%clk 01:30:25]} {[%emt
00:00:10]} 12. g4 {[%clk 01:11:40]} {[%emt 00:00:35]} b5 {[%clk 01:27:47]}
{[%emt 00:03:07]} 13. Ng3 {[%clk 01:11:42]} {[%emt 00:00:27]} b4 {[%clk
01:23:28]} {[%emt 00:04:52]} 14. Nce2 {[%clk 01:11:42]} {[%emt 00:00:29]} Nd7
{[%clk 01:19:13]} {[%emt 00:04:45]} 15. g5 {[%clk 01:11:44]} {[%emt 00:00:26]}
Re8 {[%clk 01:18:58]} {[%emt 00:00:47]} 16. h4 {[%clk 01:08:16]} {[%emt
00:03:57]} Bf8 {[%clk 01:12:19]} {[%emt 00:07:11]} 17. h5 {[%clk 01:07:37]}
{[%emt 00:01:07]} Bb7 {[%clk 01:11:08]} {[%emt 00:01:42]} 18. b3 {[%clk
01:02:04]} {[%emt 00:06:03]} Na7 {[%clk 01:02:27]} {[%emt 00:09:12]} 19. a4
{[%clk 00:54:22]} {[%emt 00:08:11]} Rac8 {[%clk 01:01:09]} {[%emt 00:01:48]} 20.
Be3 {[%clk 00:52:12]} {[%emt 00:02:39]} Nc6 {[%clk 01:01:32]} {[%emt 00:00:08]}
21. Qd2 {[%clk 00:47:51]} {[%emt 00:04:51]} Ne7 {[%clk 00:57:02]} {[%emt
00:05:00]} 22. Rac1 {[%clk 00:40:54]} {[%emt 00:07:26]} d5 {[%clk 00:57:23]}
{[%emt 00:00:10]} 23. e5 {[%clk 00:39:27]} {[%emt 00:01:56]} Nc6 {[%clk
00:56:00]} {[%emt 00:01:55]} 24. Kh1 {[%clk 00:32:49]} {[%emt 00:07:05]} Red8
{[%clk 00:52:58]} {[%emt 00:03:34]} 25. Nd4 {[%clk 00:30:17]} {[%emt 00:03:02]}
Nxd4 {[%clk 00:51:21]} {[%emt 00:02:07]} 26. Bxd4 {[%clk 00:30:29]} {[%emt
00:00:17]} Bc5 {[%clk 00:51:41]} {[%emt 00:00:11]} 27. Ne2 {[%clk 00:27:10]}
{[%emt 00:03:49]} a5 {[%clk 00:51:25]} {[%emt 00:00:47]} 28. Rfd1 {[%clk
00:26:04]} {[%emt 00:01:34]} Ba6 {[%clk 00:51:23]} {[%emt 00:00:34]} 29. Bxc5
{[%clk 00:24:22]} {[%emt 00:02:11]} Nxc5 {[%clk 00:51:04]} {[%emt 00:00:50]} 30.
Nd4 {[%clk 00:15:00]} {[%emt 00:09:51]} Ne4 {[%clk 00:51:23]} {[%emt 00:00:11]}
31. Qe3 {[%clk 00:14:23]} {[%emt 00:01:06]} Qb6 {[%clk 00:49:19]} {[%emt
00:02:35]} 32. Bxe4 {[%clk 00:10:55]} {[%emt 00:03:58]} dxe4 {[%clk 00:49:39]}
{[%emt 00:00:11]} 33. Nf5 {[%clk 00:10:55]} {[%emt 00:00:29]} Qxe3 {[%clk
00:49:56]} {[%emt 00:00:13]} 34. Nxe3 {[%clk 00:11:22]} {[%emt 00:00:02]} Be2
{[%clk 00:49:29]} {[%emt 00:00:58]} 35. Rxd8+ {[%clk 00:09:31]} {[%emt
00:02:21]} Rxd8 {[%clk 00:49:56]} {[%emt 00:00:03]} 36. h6 {[%clk 00:09:46]}
{[%emt 00:00:14]} Bf3+ {[%clk 00:49:17]} {[%emt 00:01:11]} 37. Kh2 {[%clk
00:07:53]} {[%emt 00:02:21]} Rd2+ {[%clk 00:49:28]} {[%emt 00:00:20]} 38. Kh3
{[%clk 00:08:08]} {[%emt 00:00:13]} Kf8 {[%clk 00:47:44]} {[%emt 00:02:16]} 39.
Re1 {[%clk 00:05:37]} {[%emt 00:03:00]} gxh6 {[%clk 00:46:20]} {[%emt
00:01:55]} 40. gxh6 {[%clk 00:06:04]} {[%emt 00:00:03]} Ke7 {[%clk 00:46:40]}
{[%emt 00:00:11]} 41. Nc4 {[%clk 00:06:06]} {[%emt 00:00:26]} Rxc2 {[%clk
00:46:44]} {[%emt 00:00:28]} 42. Nxa5 {[%clk 00:04:51]} {[%emt 00:01:44]} Rc3
{[%clk 00:47:02]} {[%emt 00:00:12]} 43. Kg3 {[%clk 00:04:42]} {[%emt 00:00:38]}
f5 {[%clk 00:43:10]} {[%emt 00:04:23]} 44. Kf2 {[%clk 00:04:19]} {[%emt
00:00:52]} Kf7 {[%clk 00:42:36]} {[%emt 00:01:05]} 45. Re3 {[%clk 00:03:50]}
{[%emt 00:00:58]} Rc2+ {[%clk 00:43:02]} {[%emt 00:00:06]} 46. Kg3 {[%clk
00:04:01]} {[%emt 00:00:18]} Kg6 {[%clk 00:42:38]} {[%emt 00:00:55]} 47. Nb7
{[%clk 00:04:21]} {[%emt 00:00:09]} Rc3 {[%clk 00:42:33]} {[%emt 00:00:35]} 48.
Kf2 {[%clk 00:04:39]} {[%emt 00:00:11]} Bd1 {[%clk 00:43:00]} {[%emt 00:00:05]}
49. Re1 {[%clk 00:01:20]} {[%emt 00:03:48]} Rf3+ {[%clk 00:43:06]} {[%emt
00:00:24]} 50. Kg2 {[%clk 00:01:44]} {[%emt 00:00:06]} Bxb3 {[%clk 00:43:23]}
{[%emt 00:00:14]} 51. a5 {[%clk 00:02:13]} {[%emt 00:00:01]} Bd5 {[%clk
00:43:12]} {[%emt 00:00:40]} 52. a6 {[%clk 00:02:35]} {[%emt 00:00:08]} Ra3
{[%clk 00:43:33]} {[%emt 00:00:09]} 53. Rb1 {[%clk 00:01:51]} {[%emt 00:01:15]}
e3+ {[%clk 00:41:43]} {[%emt 00:02:20]} 54. Kg3 {[%clk 00:01:52]} {[%emt
00:00:28]} Rxa6 {[%clk 00:42:08]} {[%emt 00:00:06]} 55. Rxb4 {[%clk 00:02:17]}
{[%emt 00:00:05]} Ra1 {[%clk 00:42:29]} {[%emt 00:00:08]} 0-1

[Event "Latvian Teams Chess Championship Higher League 2019"]
[Site "Riga Chess School, 10 Pernavas Street, Riga, Latvia"]
[Date "2019.06.08"]
[Round "5.4"]
[White "Bernotas, Arturs"]
[Black "Zuckovs, Aleksejs"]
[Result "0-1"]
[TimeControl "Standard: 90 minutes with 30 second increment from move 1"]
[WhiteTitle "FM"]
[BlackTitle "FM"]
[WhiteFideId "11601426"]
[BlackFideId "11603801"]
[WhiteElo "2389"]
[BlackElo "2304"]

1. e4 {[%clk 01:30:49]} {[%emt 00:00:10]} d5 {[%clk 01:30:32]} {[%emt
00:00:29]} 2. exd5 {[%clk 01:31:03]} {[%emt 00:00:15]} Qxd5 {[%clk 01:31:00]}
{[%emt 00:00:03]} 3. Nf3 {[%clk 01:31:10]} {[%emt 00:00:22]} Bg4 {[%clk
01:29:59]} {[%emt 00:01:32]} 4. Be2 {[%clk 01:31:11]} {[%emt 00:00:29]} Nf6
{[%clk 01:29:49]} {[%emt 00:00:40]} 5. O-O {[%clk 01:29:54]} {[%emt 00:01:47]}
e6 {[%clk 01:12:08]} {[%emt 00:18:11]} 6. d4 {[%clk 01:27:07]} {[%emt
00:03:16]} Nbd7 {[%clk 00:59:57]} {[%emt 00:12:42]} 7. h3 {[%clk 01:22:21]}
{[%emt 00:05:16]} Bh5 {[%clk 01:00:00]} {[%emt 00:00:27]} 8. c4 {[%clk
01:22:03]} {[%emt 00:00:47]} Qa5 {[%clk 01:00:11]} {[%emt 00:00:19]} 9. Nc3
{[%clk 01:15:35]} {[%emt 00:06:58]} Bb4 {[%clk 00:55:42]} {[%emt 00:04:59]} 10.
Bd2 {[%clk 01:02:43]} {[%emt 00:13:22]} O-O {[%clk 00:48:42]} {[%emt 00:07:31]}
11. a3 {[%clk 00:59:57]} {[%emt 00:03:16]} Bxc3 {[%clk 00:48:56]} {[%emt
00:00:17]} 12. Bxc3 {[%clk 01:00:13]} {[%emt 00:00:13]} Qa6 {[%clk 00:48:51]}
{[%emt 00:00:35]} 13. g4 {[%clk 00:54:13]} {[%emt 00:06:31]} Bg6 {[%clk
00:48:49]} {[%emt 00:00:32]} 14. b4 {[%clk 00:54:01]} {[%emt 00:00:40]} Ne4
{[%clk 00:47:27]} {[%emt 00:01:53]} 15. Bb2 {[%clk 00:52:30]} {[%emt 00:02:01]}
Qd6 {[%clk 00:46:24]} {[%emt 00:01:32]} 16. d5 {[%clk 00:32:44]} {[%emt
00:20:16]} Rad8 {[%clk 00:28:49]} {[%emt 00:18:06]} 17. Qd4 {[%clk 00:26:51]}
{[%emt 00:06:23]} f6 {[%clk 00:18:33]} {[%emt 00:10:46]} 18. Rfd1 {[%clk
00:19:46]} {[%emt 00:07:34]} exd5 {[%clk 00:14:28]} {[%emt 00:04:35]} 19. Qxa7
{[%clk 00:12:25]} {[%emt 00:07:51]} Ng3 {[%clk 00:10:42]} {[%emt 00:04:17]} 20.
fxg3 {[%clk 00:08:44]} {[%emt 00:04:12]} Qxg3+ {[%clk 00:11:11]} {[%emt
00:00:01]} 21. Kf1 {[%clk 00:09:01]} {[%emt 00:00:12]} Qxh3+ {[%clk 00:11:31]}
{[%emt 00:00:11]} 22. Ke1 {[%clk 00:07:13]} {[%emt 00:02:17]} Nb6 {[%clk
00:06:20]} {[%emt 00:05:41]} 23. Kf2 {[%clk 00:05:27]} {[%emt 00:02:16]} Rfe8
{[%clk 00:06:39]} {[%emt 00:00:11]} 24. Bf1 {[%clk 00:05:39]} {[%emt 00:00:18]}
Qxg4 {[%clk 00:06:43]} {[%emt 00:00:26]} 25. Qxb7 {[%clk 00:04:49]} {[%emt
00:01:19]} Be4 {[%clk 00:06:43]} {[%emt 00:00:31]} 26. Bg2 {[%clk 00:04:52]}
{[%emt 00:00:28]} Nxc4 {[%clk 00:06:44]} {[%emt 00:00:28]} 27. Bd4 {[%clk
00:04:43]} {[%emt 00:00:38]} Ne5 {[%clk 00:05:32]} {[%emt 00:01:42]} 28. Ne1
{[%clk 00:02:20]} {[%emt 00:02:54]} Bxg2 {[%clk 00:04:14]} {[%emt 00:01:49]} 29.
Nxg2 {[%clk 00:02:39]} {[%emt 00:00:10]} Nd3+ {[%clk 00:04:40]} {[%emt
00:00:04]} 30. Kf1 {[%clk 00:02:02]} {[%emt 00:01:08]} Qxd4 {[%clk 00:04:01]}
{[%emt 00:01:08]} 31. Ra2 {[%clk 00:02:16]} {[%emt 00:00:16]} Qc4 {[%clk
00:04:12]} {[%emt 00:00:19]} 0-1

[Event "Latvian Teams Chess Championship Higher League 2019"]
[Site "Riga Chess School, 10 Pernavas Street, Riga, Latvia"]
[Date "2019.06.08"]
[Round "5.5"]
[White "Reizniece-Ozola, Dana"]
[Black "Chernyak, Viktoria"]
[Result "0-1"]
[TimeControl "Standard: 90 minutes with 30 second increment from move 1"]
[WhiteTitle "WGM"]
[BlackTitle "WFM"]
[WhiteFideId "11601124"]
[BlackFideId "24165956"]
[WhiteElo "2325"]
[BlackElo "2253"]

1. c4 {[%clk 01:30:29]} {[%emt 00:00:30]} e6 {[%clk 01:30:54]} {[%emt
00:00:06]} 2. Nf3 {[%clk 01:30:51]} {[%emt 00:00:08]} d5 {[%clk 01:31:08]}
{[%emt 00:00:16]} 3. e3 {[%clk 01:31:13]} {[%emt 00:00:08]} Nf6 {[%clk
01:31:26]} {[%emt 00:00:13]} 4. Nc3 {[%clk 01:31:19]} {[%emt 00:00:24]} Be7
{[%clk 01:29:20]} {[%emt 00:02:35]} 5. Qc2 {[%clk 01:30:34]} {[%emt 00:01:16]}
Nbd7 {[%clk 01:26:42]} {[%emt 00:03:07]} 6. d4 {[%clk 01:30:28]} {[%emt
00:00:36]} O-O {[%clk 01:25:16]} {[%emt 00:01:56]} 7. Be2 {[%clk 01:28:13]}
{[%emt 00:02:45]} dxc4 {[%clk 01:20:57]} {[%emt 00:04:50]} 8. Bxc4 {[%clk
01:28:31]} {[%emt 00:00:11]} c5 {[%clk 01:18:42]} {[%emt 00:02:45]} 9. O-O
{[%clk 01:26:31]} {[%emt 00:02:30]} a6 {[%clk 01:17:51]} {[%emt 00:01:21]} 10.
a4 {[%clk 01:22:52]} {[%emt 00:04:09]} Qc7 {[%clk 01:15:04]} {[%emt 00:03:17]}
11. Ba2 {[%clk 01:18:15]} {[%emt 00:05:07]} b6 {[%clk 01:10:50]} {[%emt
00:04:44]} 12. Bb1 {[%clk 01:12:26]} {[%emt 00:06:19]} Bb7 {[%clk 01:07:29]}
{[%emt 00:03:51]} 13. Ng5 {[%clk 01:12:25]} {[%emt 00:00:31]} g6 {[%clk
01:05:33]} {[%emt 00:02:26]} 14. f4 {[%clk 01:06:11]} {[%emt 00:06:44]} Rad8
{[%clk 00:56:06]} {[%emt 00:09:57]} 15. Qf2 {[%clk 01:03:27]} {[%emt 00:03:14]}
Nb8 {[%clk 00:55:01]} {[%emt 00:01:36]} 16. dxc5 {[%clk 01:02:42]} {[%emt
00:01:15]} Qxc5 {[%clk 00:54:13]} {[%emt 00:01:17]} 17. Qh4 {[%clk 00:54:08]}
{[%emt 00:09:03]} Kg7 {[%clk 00:47:03]} {[%emt 00:07:41]} 18. Be4 {[%clk
00:48:59]} {[%emt 00:05:39]} Bc6 {[%clk 00:43:19]} {[%emt 00:04:14]} 19. Bxc6
{[%clk 00:21:36]} {[%emt 00:27:53]} Qxc6 {[%clk 00:43:04]} {[%emt 00:00:46]} 20.
Ne2 {[%clk 00:21:02]} {[%emt 00:01:03]} h6 {[%clk 00:42:22]} {[%emt 00:01:12]}
21. Nf3 {[%clk 00:21:13]} {[%emt 00:00:19]} Qc5 {[%clk 00:36:11]} {[%emt
00:06:41]} 22. b4 {[%clk 00:17:44]} {[%emt 00:03:58]} Qc4 {[%clk 00:29:42]}
{[%emt 00:07:00]} 23. Ned4 {[%clk 00:17:31]} {[%emt 00:00:42]} Nd5 {[%clk
00:28:53]} {[%emt 00:01:19]} 24. Qg3 {[%clk 00:14:46]} {[%emt 00:03:15]} Nc6
{[%clk 00:26:19]} {[%emt 00:03:04]} 25. Nxc6 {[%clk 00:05:52]} {[%emt
00:09:24]} Qxc6 {[%clk 00:26:39]} {[%emt 00:00:10]} 26. Bb2+ {[%clk 00:02:59]}
{[%emt 00:03:24]} Bf6 {[%clk 00:26:12]} {[%emt 00:00:57]} 27. Rfc1 {[%clk
00:03:01]} {[%emt 00:00:28]} Qd6 {[%clk 00:24:43]} {[%emt 00:01:59]} 28. Ne5
{[%clk 00:02:45]} {[%emt 00:00:47]} Nxb4 {[%clk 00:22:10]} {[%emt 00:03:03]} 29.
e4 {[%clk 00:01:11]} {[%emt 00:02:02]} Kh7 {[%clk 00:19:20]} {[%emt 00:03:20]}
30. Kh1 {[%clk 00:00:50]} {[%emt 00:00:52]} Bg7 {[%clk 00:14:49]} {[%emt
00:05:01]} 31. h3 {[%clk 00:01:04]} {[%emt 00:00:15]} a5 {[%clk 00:14:48]}
{[%emt 00:00:32]} 32. Qh4 {[%clk 00:00:50]} {[%emt 00:00:44]} f6 {[%clk
00:05:03]} {[%emt 00:10:15]} 33. Ng4 {[%clk 00:00:50]} {[%emt 00:00:29]} Qxf4
{[%clk 00:03:38]} {[%emt 00:01:55]} 34. Rf1 {[%clk 00:00:52]} {[%emt 00:00:29]}
Qg5 {[%clk 00:03:40]} {[%emt 00:00:28]} 35. Qg3 {[%clk 00:01:01]} {[%emt
00:00:20]} e5 {[%clk 00:02:18]} {[%emt 00:01:52]} 36. Bc1 {[%clk 00:00:37]}
{[%emt 00:00:55]} Qh5 {[%clk 00:02:40]} {[%emt 00:00:07]} 37. Qc3 {[%clk
00:00:33]} {[%emt 00:00:33]} Rc8 {[%clk 00:01:41]} {[%emt 00:01:31]} 38. Qb3
{[%clk 00:00:52]} {[%emt 00:00:11]} f5 {[%clk 00:01:48]} {[%emt 00:00:23]} 39.
Ne3 {[%clk 00:00:51]} {[%emt 00:00:30]} fxe4 {[%clk 00:01:52]} {[%emt
00:00:27]} 40. Bd2 {[%clk 00:01:01]} {[%emt 00:00:20]} Qe2 {[%clk 00:01:40]}
{[%emt 00:00:42]} 41. Rxf8 {[%clk 00:00:42]} {[%emt 00:00:49]} Rxf8 {[%clk
00:01:52]} {[%emt 00:00:19]} 42. Bxb4 {[%clk 00:01:04]} {[%emt 00:00:07]} axb4
{[%clk 00:02:14]} {[%emt 00:00:07]} 43. Rd1 {[%clk 00:01:24]} {[%emt 00:00:11]}
h5 {[%clk 00:02:03]} {[%emt 00:00:42]} 44. Rd7 {[%clk 00:00:49]} {[%emt
00:01:04]} Qe1+ {[%clk 00:01:49]} {[%emt 00:00:44]} 45. Kh2 {[%clk 00:01:14]}
{[%emt 00:00:05]} Qc3 {[%clk 00:01:45]} {[%emt 00:00:35]} 46. Qxc3 {[%clk
00:01:23]} {[%emt 00:00:20]} bxc3 {[%emt 00:00:03]} 47. Rc7 {[%clk 00:01:42]}
{[%emt 00:00:10]} Ra8 {[%clk 00:02:28]} {[%emt 00:00:15]} 48. Nd5 {[%clk
00:01:25]} {[%emt 00:00:47]} Rxa4 {[%clk 00:00:50]} {[%emt 00:02:07]} 49. Nxc3
{[%clk 00:01:40]} {[%emt 00:00:15]} Rd4 {[%clk 00:00:48]} {[%emt 00:00:33]} 50.
Kg3 {[%clk 00:01:42]} {[%emt 00:00:28]} Kg8 {[%clk 00:00:41]} {[%emt 00:00:37]}
51. Kf2 {[%clk 00:01:50]} {[%emt 00:00:22]} Bf8 {[%clk 00:00:47]} {[%emt
00:00:24]} 52. Rc8 {[%clk 00:01:03]} {[%emt 00:01:17]} Kf7 {[%clk 00:01:03]}
{[%emt 00:00:13]} 53. Rc7+ {[%clk 00:01:00]} {[%emt 00:00:33]} Ke6 {[%clk
00:00:44]} {[%emt 00:00:49]} 54. Rc6+ {[%clk 00:00:59]} {[%emt 00:00:31]} Rd6
{[%clk 00:01:00]} {[%emt 00:00:14]} 55. Rc8 {[%clk 00:01:22]} {[%emt 00:00:07]}
Rd2+ {[%clk 00:00:37]} {[%emt 00:00:53]} 56. Ke3 {[%clk 00:01:01]} {[%emt
00:00:50]} Bh6+ {[%clk 00:00:49]} {[%emt 00:00:19]} 57. Kxe4 {[%clk 00:01:23]}
{[%emt 00:00:09]} Rxg2 {[%clk 00:00:54]} {[%emt 00:00:25]} 58. Rc6+ {[%clk
00:01:31]} {[%emt 00:00:21]} Kf7 {[%clk 00:01:10]} {[%emt 00:00:15]} 59. Rxb6
{[%clk 00:01:45]} {[%emt 00:00:16]} Rg3 {[%clk 00:01:14]} {[%emt 00:00:26]} 60.
Nd5 {[%clk 00:01:21]} {[%emt 00:00:54]} Bg7 {[%clk 00:00:38]} {[%emt 00:01:06]}
61. Rb7+ {[%clk 00:01:23]} {[%emt 00:00:28]} Kg8 {[%clk 00:01:02]} {[%emt
00:00:06]} 62. Ne7+ {[%clk 00:00:53]} {[%emt 00:01:00]} Kh7 {[%clk 00:01:19]}
{[%emt 00:00:12]} 63. Nd5 {[%clk 00:00:49]} {[%emt 00:00:35]} Kh6 {[%clk
00:01:35]} {[%emt 00:00:13]} 64. Ne7 {[%clk 00:00:57]} {[%emt 00:00:22]} Bf8
{[%clk 00:01:16]} {[%emt 00:00:50]} 65. Nd5 {[%clk 00:00:56]} {[%emt 00:00:31]}
Rxh3 {[%emt 00:00:26]} 66. Kxe5 {[%clk 00:01:10]} {[%emt 00:00:14]} Ra3 {[%clk
00:01:08]} {[%emt 00:00:43]} 67. Nf4 {[%clk 00:00:59]} {[%emt 00:00:40]} Ra5+
{[%clk 00:00:56]} {[%emt 00:00:43]} 68. Ke4 {[%clk 00:01:04]} {[%emt 00:00:25]}
Ra4+ {[%clk 00:01:02]} {[%emt 00:00:25]} 69. Kf3 {[%clk 00:01:11]} {[%emt
00:00:22]} Bc5 {[%clk 00:00:44]} {[%emt 00:00:48]} 70. Ne6 {[%clk 00:01:00]}
{[%emt 00:00:41]} Ra3+ {[%clk 00:00:50]} {[%emt 00:00:25]} 71. Kg2 {[%clk
00:01:00]} {[%emt 00:00:29]} Be3 {[%clk 00:01:00]} {[%emt 00:00:21]} 72. Nf8
{[%clk 00:00:42]} {[%emt 00:00:48]} h4 {[%clk 00:00:55]} {[%emt 00:00:35]} 73.
Rh7+ {[%clk 00:00:52]} {[%emt 00:00:20]} Kg5 {[%clk 00:01:22]} {[%emt
00:00:03]} 74. Nxg6 {[%clk 00:00:51]} {[%emt 00:00:31]} Kxg6 {[%clk 00:01:33]}
{[%emt 00:00:18]} 75. Rxh4 {[%clk 00:01:19]} {[%emt 00:00:03]} Kg5 {[%clk
00:01:51]} {[%emt 00:00:11]} 76. Rh7 {[%clk 00:01:32]} {[%emt 00:00:16]} Kg4
{[%clk 00:02:12]} {[%emt 00:00:11]} 77. Rg7+ {[%clk 00:01:28]} {[%emt
00:00:33]} Bg5 {[%clk 00:02:37]} {[%emt 00:00:05]} 78. Kf2 {[%clk 00:01:41]}
{[%emt 00:00:17]} Ra2+ {[%clk 00:02:34]} {[%emt 00:00:34]} 79. Kg1 {[%clk
00:01:21]} {[%emt 00:00:49]} Kf4 {[%clk 00:02:08]} {[%emt 00:00:56]} 80. Rg8
{[%clk 00:00:44]} {[%emt 00:01:08]} Be7 {[%clk 00:01:51]} {[%emt 00:00:47]} 81.
Rg6 {[%clk 00:00:49]} {[%emt 00:00:25]} Kf3 {[%clk 00:02:01]} {[%emt 00:00:20]}
82. Re6 {[%clk 00:00:46]} {[%emt 00:00:32]} Ra1+ {[%clk 00:01:22]} {[%emt
00:01:10]} 83. Kh2 {[%clk 00:01:14]} {[%emt 00:00:02]} Bg5 {[%clk 00:01:43]}
{[%emt 00:00:09]} 0-1